| 000 | 00454nam a2200181Ia 4500 | ||
|---|---|---|---|
| 001 | 21112 | ||
| 005 | 20260306172855.0 | ||
| 008 | 260306t2016||||xx |||||||||||||| ||spa|| | ||
| 041 | _aESP | ||
| 082 |
_a344 _bR31T V. 1 |
||
| 100 |
_aReátegui Sánchez, James _eAUT |
||
| 245 | 0 | _aTratado de derecho penal. Parte especial | |
| 260 | _c2016 | ||
| 300 |
_alxxxi, 708 páginas : _c25 cm. |
||
| 650 | _aGEN | ||
| 654 | _aCDE | ||
| 942 |
_cLIB _dJUS _fJUS _2ddc _n |
||
| 999 |
_c21112 _d21112 |
||